Vapor-liquid equilibrium data collection ethers supplement 3

Gespeichert in:
Bibliographische Detailangaben
Hauptverfasser: Gmehling, Jürgen 1946-, Onken, U. (Verfasst von)
Format: Buch
Sprache:Englisch
Veröffentlicht: Frankfurt nad Mohanom Dechema 2012.
Schriftenreihe:Chemistry data series Vol.I, Part 4 c
Online-Zugang:Im OPAC anzeigen
Tags: Tag hinzufügen
Keine Tags, Fügen Sie das erste Tag hinzu!

MARC

LEADER 00000nam a2200000 a 4500
005 20260127134347.0
008 161207 2012 a i 000 0 eng d
020 |a 9783897461390 
035 |a vtls011598027 
039 9 |a 201612070941  |b mschk03  |c 201612070935  |d mschk03  |c 201612070934  |d mschk03  |y 201612070923  |z mschk03 
040 |a STUSCHK1  |b slo  |c STUSCHK1  |e AACR2 
080 |a 541.3/63  |2 19 
100 1 |a Gmehling, Jürgen  |d 1946- 
245 1 |a Vapor-liquid equilibrium data collection  |b ethers supplement 3  |c J.Gmehling, U.Onken 
260 |a Frankfurt nad Mohanom  |b Dechema  |c 2012. 
300 |a xxiii,605 s.  |b il.  |c 25 cm 
490 0 |a Chemistry data series Vol.I, Part 4 c 
504 |a Obshuje zoznam použitej literatúry 
700 1 |a Onken, U.  |4 aut 
910 |a SCHK95 
919 |a 978-3-89746-139-0 
999 |c 10805  |d 10805